Reflexiones sobre el ser : (Record no. 186829)
[ view plain ]
| 000 -LEADER | |
|---|---|
| campo de control de longitud fija | 00766nam a2200241 i 4500 |
| 001 - NÚMERO DE CONTROL | |
| campo de control | 186829 |
| 003 - IDENTIFICADOR DE NÚMERO DE CONTROL | |
| campo de control | ES-MaACL |
| 005 - FECHA Y HORA DE LA ÚLTIMA TRANSACCIÓN | |
| campo de control | 20240127063015.0 |
| 008 - DATOS DE LONGITUD FIJA--INFORMACIÓN GENERAL | |
| campo de control de longitud fija | 170220s2016 sp c |||| |dspa d |
| 040 ## - FUENTE DE CATALOGACIÓN | |
| Centro/agencia transcriptor | ES-MaACL |
| 080 ## - NÚMERO DE LA CLASIFICACIÓN DECIMAL UNIVERSAL | |
| Número de la Clasificación Decimal Universal | 082.2 |
| 080 ## - NÚMERO DE LA CLASIFICACIÓN DECIMAL UNIVERSAL | |
| Número de la Clasificación Decimal Universal | 821.134.2-82"19" |
| 100 ## - ENTRADA PRINCIPAL--NOMBRE DE PERSONA | |
| Nombre de persona | Fernández, Francisco, |
| Fechas asociadas al nombre | 1933- |
| 9 (RLIN) | 226209 |
| Término indicativo de función/relación | Autor |
| 245 10 - MENCIÓN DEL TÍTULO | |
| Título | Reflexiones sobre el ser : |
| Resto del título | atraso de la humanidad : la verdad sin paliativos / |
| Mención de responsabilidad, etc. | Francisco Fernández. |
| 260 ## - PUBLICACIÓN, DISTRIBUCIÓN, ETC. | |
| Lugar de publicación, distribución, etc. | [Madrid : |
| Nombre del editor, distribuidor, etc. | F. Fernández, |
| Fecha de publicación, distribución, etc. | 2016] |
| 300 ## - DESCRIPCIÓN FÍSICA | |
| Extensión | 103 hojas : |
| Otras características físicas | 1 retr., 1 il. ; |
| Dimensiones | 15 cm. |
| 650 #7 - PUNTO DE ACCESO ADICIONAL DE MATERIA--TÉRMINO DE MATERIA | |
| Término de materia o nombre geográfico como elemento de entrada | Citas |
| 9 (RLIN) | 149979 |
| 655 #0 - TERMINO DE INDIZACIÓN--GENERO/FORMA | |
| 9 (RLIN) | 234752 |
| Datos o término principal de género/forma | Misceláneas |
| 852 ## - LOCALIZACIÓN | |
| Ubicación | ES-MaACL |
| Número de control de estantería | 2335-F-5 |
| Ubicación en estantería | Depósito folletos |
| 942 ## - ELEMENTOS DE ENTRADA SECUNDARIOS (KOHA) | |
| Tipo de ítem Koha | Folleto |
| Suprimir en OPAC | No |
| Estatus retirado | Estado de pérdida | Estado de daño | No para préstamo | Colección | Biblioteca de origen | Biblioteca actual | Ubicación en estantería | Fecha de adquisición | Fuente de adquisición | Total de préstamos | Signatura topográfica completa | Código de barras | Visto por última vez | Precio de reemplazo | Tipo de ítem Koha |
|---|---|---|---|---|---|---|---|---|---|---|---|---|---|---|---|
| Colección de folletos | Biblioteca del Ateneo de Madrid | Biblioteca del Ateneo de Madrid | Depósito folletos | 20/02/2017 | 2335-F-5 | 1197069 | 23/02/2023 | 23/02/2023 | Folleto |
